| 000 | 00000nam 2200000zi 4500 |
| 001 | 9.913103 |
| 003 | CaOODSP |
| 005 | 20221107182722 |
| 006 | m o d f |
| 007 | cr ||||||||||| |
| 008 | 220704e202207##onco o f000 0 fre d |
| 020 | |a9780660444437 |
| 040 | |aCaOODSP|bfre|erda|cCaOODSP |
| 043 | |an-cn--- |
| 086 | 1 |aHP35-133/2022F-PDF |
| 245 | 00|aVotre guide pour une grossesse en santé. |
| 264 | 1|a[Ottawa] : |bAgence de la santé publique du Canada = Public Health Agency of Canada, |cjuillet 2022. |
| 264 | 4|c©2022 |
| 300 | |a1 ressource en ligne (83 pages) : |bphotographies en couleur |
| 336 | |atexte|btxt|2rdacontent/fre |
| 337 | |ainformatique|bc|2rdamedia/fre |
| 338 | |aressource en ligne|bcr|2rdacarrier/fre |
| 500 | |aPublié aussi en anglais sous le titre : Your guide to a healthy pregnancy. |
| 500 | |aPublié aussi en format HTML. |
| 650 | 6|aFemmes enceintes|xSanté et hygiène. |
| 650 | 6|aGrossesse. |
| 710 | 2 |aAgence de santé publique du Canada, |eorganisme de publication. |
| 775 | 08|tYour guide to a healthy pregnancy.|w(CaOODSP)9.913102 |
| 776 | 0#|tVotre guide pour une grossesse en santé.|w(CaOODSP)9.913105 |
| 795 | |tVotre guide pour une grossesse en santé.|w(CaOODSP)9.886703 |
| 856 | 40|qPDF|s7.08 Mo|uhttps://publications.gc.ca/collections/collection_2022/aspc-phac/HP35-133-2022-fra.pdf |
| 856 | 4 |qHTML|sS.O.|uhttps://www.canada.ca/fr/sante-publique/services/promotion-sante/grossesse-sante/guide-grossesse-sante.html |
| 986 | |a220310 |